000 00376pab a2200157 454500
008 180718b2007 xxu||||| |||| 00| 0 eng d
100 _aSingh, U.B.
245 _aJawaharlal Nehru National Urban Renewal Mission: a critique
260 _c2007
300 _ap.55-60.
362 _aOct-Dec
650 _aUrban renewal
773 _aNagarlok
908 _aN
909 _a78661
999 _c78661
_d78661